01451cmm a22003374a 4500999001900000001000900019003000500028005001700033007000700050008004100057010003100098020001500129040001400144042000800158050001200166082001200178100004000190245010400230246002700334260004800361300007900409500002700488520017500515538008200690538011300772650002900885650003800914906004500952942001200997952010401009 c329641d32964112254502ASAB20180117103805.0co||||001211s1997 nyu m eng  a 00530663 z 97229447  a1888902493 aDLCcASAB apcc00aQH581.2 a574.8761 aVan Buskirk, Robert Grenville.991213aAn electronic companion to molecular cell biologyba multimedia study aid /cby Robert Van Buskirk.30aMolecular cell biology aNew York :bCognito Learning Media,cc1997. a1 computer optical disc ;c4 3/4 in. +e1 workbook (323 p. : ill. ; 24 cm. aTitle from disc label. aMultimedia study guide on molecular cell biology featuring review and self-testing, including multiple choice, drag and drop, true/false, and fill-in-the-blank questions. aSystem requirements for Windows: IBM-compatible 486 PC; 8MB RAM; Windows 3.1. aSystem requirements for Macintosh: Macintosh LC475 or other model with a 040 processor; 8MB RAM; System 7.1. 0aCytologyvSoftware.9913 0aMolecular biologyvSoftware.9914 a7bcbccorignewd2encipf19gy-gencatlg 2ddccBK 00102ddc40708NFICaASABbASABd2017-05-16l0o574.876 BUSpASAB1903r2018-01-17w2017-05-16yBK